000 00247nam a22001217a 4500
008 170727b xxu||||| |||| 00| 0 eng d
041 _aeng
080 _a004
100 _a31
101 _aSHKI
245 _aTOOLS,H++
_cWAVE, R
942 _2udc
_cBK
999 _c22051
_d22051